| 000 | 01193nam0a22003011 4500 | ||
|---|---|---|---|
| 001 | v19\rc\1847729 | ||
| 005 | 20260405184349.0 | ||
| 035 | _a(NLR Aleph) 005258477 | ||
| 090 |
_a5876799 _c5876799 |
||
| 100 | _a20080221d1909 |||y0rusy50 ca | ||
| 101 | 0 | _arus | |
| 102 | _aRU | ||
| 105 | _ay z ||||| | ||
| 200 | 1 |
_aШкольная гигиена _eСост. применительно к потребностям рус. средней и низшей школы _fМ. Брейтман |
|
| 205 | _a3-е изд., вновь перераб. и знач. доп. | ||
| 210 |
_aСанкт-Петербург _cжурн. "Рус. шк." _d1909 |
||
| 215 |
_a118, [1] с. _d25 |
||
| 320 | _aБиблиогр.: "Литературный указатель" (с. 4-6) | ||
| 532 | 1 | 3 | _aШкольная гигиена |
| 700 | 1 |
_4220 _8rus _7ca _aБрейтман _bМ. Я. _f1876-1962 _gМихаил Яковлевич _3RU\NLR\AUTH\7780841 _963769 |
|
| 801 | 0 |
_aRU _bNLR _c20080221 _gpsbo |
|
| 801 | 0 |
_aRU _bRuMoRGB _c20080221 _2psbo |
|
| 801 | 1 |
_aRU _bProSoft-M _c20080221 _2rusmarc |
|
| 801 | 2 |
_aRU _bNLR _c20110623 _2rusmarc |
|
| 852 |
_aNLR _j38.79.6.236 |
||
| 942 | _cBOOK | ||
| 980 | _aNB | ||